|
|
|
|
| LEADER |
00000cam a2200000 4500 |
| 001 |
vtls011919600 |
| 003 |
SK-MaSNL |
| 005 |
20260301225411.0 |
| 008 |
210906s2020 xo gr 010 f slo |
| 015 |
|
|
|a SNBA2020/06
|
| 020 |
|
|
|a 9788055637297
|q (viazané)
|
| 035 |
|
|
|a urn:nbn:sk:snk-am00fiyp
|
| 035 |
|
|
|a urn:nbn:sk:snk-am3iuqe
|
| 035 |
|
|
|a D74E007A-76BF-4400-9945-751D0EC073F4
|
| 040 |
|
|
|a SNK
|b slo
|c SNK
|e rda
|
| 041 |
1 |
|
|a slo
|h fre
|
| 044 |
|
|
|a xo
|c SK
|
| 072 |
|
7 |
|a 821.133.1-3
|x Francúzska próza, francúzsky písaná
|2 konspekt
|
| 080 |
|
|
|a 821.133.1(494)-31
|2 2011
|
| 080 |
|
|
|a (0:82-312.4)
|2 2011
|
| 100 |
1 |
|
|a Dicker, Joël,
|d 1985-
|4 aut
|9 440384
|
| 240 |
1 |
3 |
|a La Disparation de Stephanie Mailer
|l Slovensky
|
| 245 |
1 |
0 |
|a Zmiznutie Stephanie Mailerovej
|c Joël Dicker ; z francúzštiny preložila Beata Panáková
|
| 264 |
|
1 |
|a Bratislava
|b Slovart
|c 2020
|
| 300 |
|
|
|a 524 strán
|c 24 cm
|
| 336 |
|
|
|a text
|b txt
|2 rdacontent
|
| 337 |
|
|
|a bez média
|b n
|2 rdamedia
|
| 338 |
|
|
|a zväzok
|b nc
|2 rdacarrier
|
| 500 |
|
|
|a Na obálke: Strhujúci triler autora románu Pravda o afére Harryho Queberta
|
| 500 |
|
|
|a Obsahuje zoznam hlavných postáv
|
| 500 |
|
|
|a Obsahuje stručné biografické údaje o autorovi na záložke prebalu publikácie
|
| 655 |
|
7 |
|a švajčiarske romány (francúzsky)
|2 SNKPH
|9 80531
|
| 655 |
|
7 |
|a trilery (romány)
|2 SNKPH
|9 151146
|
| 655 |
|
7 |
|a Swiss fiction (French)
|2 SNKPHeng
|9 329822
|
| 655 |
|
7 |
|a Thrillers (novels)
|2 SNKPHeng
|9 310918
|
| 700 |
1 |
|
|a Panáková, Beata,
|d 1959-
|4 trl
|9 119227
|
| 919 |
|
|
|a 978-80-556-3729-7
|
| 958 |
|
|
|a LX
|
| 958 |
|
|
|a UP
|
| 968 |
|
|
|b FR
|
| 999 |
|
|
|c 950757
|d 952687
|
| 952 |
|
|
|a SNK
|b SNK
|y PREZ
|7 0
|p 17A1447182
|o snkSC 188765 D1
|i snk2020/21835
|8 0
|0 0
|1 0
|4 0
|d 2020-12-03
|l 0
|r 2026-02-24 09:47:25
|w 2026-02-24
|
| 952 |
|
|
|a SNK
|b SNK
|y PREZ
|7 0
|p 17A1426300
|o snkSC 188765
|i snk2020/9156
|8 0
|0 0
|1 0
|4 0
|d 2020-06-02
|f 1
|l 0
|r 2025-10-06 00:00:00
|w 2026-02-24
|